Numerical exercises in electric wiring / (Record no. 180728)
[ view plain ]
| 000 -LEADER | |
|---|---|
| fixed length control field | 00795 a2200181 4500 |
| 003 - CONTROL NUMBER IDENTIFIER | |
| control field | Nust |
| 005 - DATE AND TIME OF LATEST TRANSACTION | |
| control field | 20230720130330.0 |
| 040 ## - CATALOGING SOURCE | |
| Transcribing agency | Nust |
| 082 ## - DEWEY DECIMAL CLASSIFICATION NUMBER | |
| Classification number | 621.317,IBB |
| 100 ## - MAIN ENTRY--PERSONAL NAME | |
| Personal name | Ibbetson, W. S. |
| 9 (RLIN) | 41092 |
| 245 ## - TITLE STATEMENT | |
| Title | Numerical exercises in electric wiring / |
| Statement of responsibility, etc. | W. S. Ibbetson |
| 250 ## - EDITION STATEMENT | |
| Edition statement | 1st ed |
| 260 ## - PUBLICATION, DISTRIBUTION, ETC. | |
| Place of publication, distribution, etc. | London |
| Name of publisher, distributor, etc. | E & F.N. Spon Limited |
| Date of publication, distribution, etc. | 1948 |
| 300 ## - PHYSICAL DESCRIPTION | |
| Extent | 91 p |
| 505 ## - FORMATTED CONTENTS NOTE | |
| Formatted contents note | General Mathematical Principles (Page-1), Resistance (Page-6), DC Circuits (Page-14), A.C Circuits(Page-25), Distribution of Power (Page-36), Instructions (Page-39), Accessories, Switching, Wiring System, Switching Etc (Page-42), Insulation and Cables (Page-43), Joints, Soldering, Etc (Page-47), Testing Installation (Page-48). |
| 650 ## - SUBJECT ADDED ENTRY--TOPICAL TERM | |
| Topical term or geographic name entry element | Numerical exercises in electric wiring |
| 9 (RLIN) | 113743 |
| 942 ## - ADDED ENTRY ELEMENTS (KOHA) | |
| Source of classification or shelving scheme | |
| Koha item type | Book Bank |
| Withdrawn status | Lost status | Source of classification or shelving scheme | Damaged status | Not for loan | Permanent Location | Current Location | Shelving location | Date acquired | Full call number | Barcode | Date last seen | Price effective from | Koha item type | Public note |
|---|---|---|---|---|---|---|---|---|---|---|---|---|---|---|
| Military College of Signals (MCS) | Military College of Signals (MCS) | General Stacks | 12/12/2016 | 621.317,IBB | MCS5305 | 12/08/2016 | 12/12/2016 | Book | Almirah No 88, Shelf No 2 |
